| 000 | 01118naa a22002777a 4500 | ||
|---|---|---|---|
| 001 | BR8706978 | ||
| 003 | BR-BrBNA | ||
| 005 | 20240918175900.0 | ||
| 007 | ta | ||
| 008 | 230509b bl.||||| |||| 00| 0 por d | ||
| 040 |
_aBR-BrBNA _bpor _cBiblioteca Nacional de Agricultura |
||
| 041 | _a(Pt) | ||
| 072 |
_aN01 _b/G514 |
||
| 090 | _aN01 BR8706978 | ||
| 100 | 1 | _aTarga, L.A. | |
| 100 | 1 | _aPiedade Junior, C. | |
| 111 | 1 |
_a15. Congresso Brasileiro de Economia Agricola; 1. Feira Nacional de Equipamentos e Tecnicas Agropecuarias _cSao Paulo, SP (Brazil) _d8 Jul 1986 |
|
| 245 | 1 | _aCaracteristicas dos projetos mecanicos de eletrificacao rural no municipio de Botucatu [Sao Paulo] | |
| 260 | 3 |
_aSao Paulo, SP (Brasil): _c1986. |
|
| 500 | _aAnais do 15. Congresso Brasileiro de Engenharia Agricola Sao Paulo, SP (Brasil): 1986. p. 219-226 (BR8706978-AM)N01 | ||
| 650 | _aELETRIFICACAO RURAL | ||
| 650 | _aSAO PAULO | ||
| 773 | 0 |
_tAnais do 15. Congresso Brasileiro de Engenharia Agricola _wN01 BR8706978 _gSao Paulo, SP (Brasil), 1986. p. 219-226 |
|
| 909 |
_a202404 _bLucia _c55 _dLucia Elande |
||
| 942 |
_cAM _2AGRIS |
||
| 999 |
_c318577 _d318577 |
||